000 00903nam a2200277Ia 4500
003 GCL
008 140319s9999 xx 000 0 ara d
040 _aGCL /
_cGCL
082 0 4 _a215.1
_bم ك
100 1 _aمحمد على سلامة
245 1 0 _aالكعبة المشرفة بين التاريخ و الوصف /
_cمحمد على سلامة
250 _aالاولى
260 _aالقاهرة :
_bدار البروج ،
_c2003
300 _a168 ص ؛
_c24 سم
650 0 4 _aالكعبة
650 0 4 _aالاثار الاسلامية
650 0 4 _aالمسجد الحرام
650 0 4 _aالطواف بالكعبة
650 0 4 _aكسوة الكعبة
650 0 4 _aمكة المكرمة - تاريخ
650 0 4 _aالحج, مناسك
650 0 4 _aالكعبة - اعادة بناء
650 0 4 _aوصف الكعبة
650 0 4 _aتحويل القبلة
942 _2ddc
_cBK
999 _c6142
_d6142